000 00679nam a22002177a 4500
003 UA-OsUOA
001 38545
007 ta
008 20060516b un ||||| |||| 00| 0 ukr d
100 _aБаликова Ніна
090 _a81
_bБ11
942 _cSA
040 _aUA-OsUOA
_bukr
_cUA-OsUOA
_dUA-OsUOA
245 _aСамотність - прокляття чи винагорода людства
300 _a8-12 с.
955 _a0
041 _aukr
080 _a81
773 0 _w38544
_tЗарубіжна література
_dК.
_d2006
_g19
650 7 _a8 Мовознавство. Художня література. Літературознавство
_2UDC
999 _c324700
_d324700